Music Quiz

Random Music Quiz

Lyrics: Long, Long Time (Linda Ronstadt) Quiz Stats

Quiz not verified by Sporcle

Challenge
Share
Tweet
Embed
Score 0/212 Timer 10:00
0 Plays Today
% Correct
And
98.3%
time
98.3%
and
98.3%
And
98.3%
a
98.3%
time.
98.3%
the
98.3%
And
98.3%
the
98.3%
and
98.3%
And
98.3%
a
98.3%
time.
98.3%
the
98.3%
the
98.3%
And
98.3%
the
98.3%
the
98.3%
a
98.3%
and
98.3%
and
98.3%
a
98.3%
time.
98.3%
and
98.3%
and
98.3%
a
98.3%
time.
98.3%
Love
96.6%
me
96.6%
know
96.6%
know
96.6%
to
96.6%
you
96.6%
love
96.6%
you
96.6%
long,
96.6%
long
96.6%
you
96.6%
me
96.6%
you
96.6%
me
96.6%
you.
96.6%
you
96.6%
you
96.6%
know
96.6%
to
96.6%
you
96.6%
me
96.6%
long,
96.6%
long
96.6%
you
96.6%
me
96.6%
to
96.6%
love
96.6%
know
96.6%
to
96.6%
you
96.6%
long,
96.6%
long
96.6%
know
96.6%
to
96.6%
you
96.6%
love
96.6%
you
96.6%
long,
96.6%
long
96.6%
in
94.8%
it
94.8%
gonna
94.8%
for
94.8%
in
94.8%
% Correct
gonna
94.8%
for
94.8%
for
94.8%
go
94.8%
in
94.8%
gonna
94.8%
for
94.8%
gonna
94.8%
for
94.8%
but
93.1%
but
93.1%
think
93.1%
think
93.1%
think
93.1%
think
93.1%
will
91.4%
what
91.4%
what
91.4%
I'm
91.4%
that
91.4%
it's
91.4%
that
91.4%
that
91.4%
I'm
91.4%
I'm
91.4%
take
89.7%
told
89.7%
don't
89.7%
I've
89.7%
hurt
89.7%
I've
89.7%
hurt
89.7%
I've
89.7%
I've
89.7%
done
87.9%
make
87.9%
mine.
87.9%
never
87.9%
never
87.9%
never
87.9%
done
87.9%
make
87.9%
mine.
87.9%
never
87.9%
done
87.9%
done
87.9%
make
87.9%
mine,
87.9%
things
86.2%
everything
86.2%
try
86.2%
everything
86.2%
try
86.2%
everything
86.2%
try
86.2%
everything
86.2%
try
86.2%
stride.
84.5%
no
84.5%
one
82.8%
means.
82.8%
one
82.8%
abide,
81%
my
81%
my
81%
of
81%
of
81%
of
81%
your
81%
miss
81%
That's
79.3%
% Correct
someone
77.6%
I
77.6%
I
77.6%
I
77.6%
I
77.6%
I
77.6%
I
77.6%
I
77.6%
I
77.6%
I
77.6%
I
77.6%
I
77.6%
like
75.9%
there's
74.1%
was.
74.1%
from
72.4%
at
70.7%
'Cause
70.7%
'Cause
70.7%
cause?
70.7%
'Cause
70.7%
'Cause
70.7%
good
69%
have
69%
side.
67.2%
love's
67.2%
knew.
67.2%
mind
67.2%
Sounds
65.5%
day,
65.5%
away
65.5%
I'd
65.5%
who
65.5%
change
65.5%
advice
63.8%
All
63.8%
all
63.8%
wounds
60.3%
when
58.6%
knows
58.6%
washes
56.9%
clean,
56.9%
let
56.9%
is
56.9%
you'll
55.2%
say
53.4%
response
53.4%
memory
53.4%
unseen.
51.7%
Wait
51.7%
Living
51.7%
can't
50%
drew
50%
price
50%
pay.
50%
knowing
48.3%
warned
48.3%
back
46.6%
tears.
44.8%
near.
44.8%
fears,
41.4%
girls
39.7%
life
36.2%
full
31%
Caught
25.9%
blinking
22.4%
while
22.4%
over
20.7%
flaws,
20.7%
fell
19%

You're not logged in!

Compare scores with friends on all Sporcle quizzes.
Sign Up with Email
OR
Log In

You Might Also Like...

Show Comments

Extras

Top Quizzes Today


Score Distribution

Your Account Isn't Verified!

In order to create a playlist on Sporcle, you need to verify the email address you used during registration. Go to your Sporcle Settings to finish the process.

Report this User

Report this user for behavior that violates our Community Guidelines.

Details: